| 000 | 00653cab a2200217 4500 | ||
|---|---|---|---|
| 001 | WB3304-22 | ||
| 008 | 090401t1997 xxu||||| |||| 00| 0 eng d | ||
| 035 | _a(Sirsi) u33050 | ||
| 041 | _aeng | ||
| 245 | _aCinema expansion | ||
| 260 | _c1997 | ||
| 350 | _a0 | ||
| 490 |
_aFinancial Times _v23 January 1997, 15(1) |
||
| 520 | _aThe large British cinema chains are planning to build up to 600 new multiplexes by 2000. At the end of 1996 there were 900 multiplex screens in operation. | ||
| 650 | _aCINEMAS | ||
| 650 | _aLEISURE MARKET | ||
| 650 | _aMULTIPLEX CINEMAS | ||
| 690 | _aLEISURE AND RECREATION | ||
| 942 | _n0 | ||
| 948 | _c04/03/1997 | ||
| 999 |
_c22090 _d22090 |
||